000 00452nam a22001577a 4500
005 20251108165908.0
008 250721s1981 xx 000 0 ara d
082 1 4 _aط/598.12/بني
100 1 _aبنياردى، باولو
245 1 0 _aالأفاعي /
264 1 _aالقاهرة :
_bالهيئة المصرية العامة للكتاب،
_c1981.
300 _a70ص : مص
650 1 7 _aالثعابين
942 _2ddc
_cBK
999 _c34155
_d34155